Datum a čas kvízu
24.5
Celkem bodů
Celkový počet nahraných bodů na tomto kvízu bez doplňovacích otázek.
7.
Pořadí na kvízu
Konečné umístění týmu na tomto kvízu.
Zaznamenané odpovědi
| # | Otázka | Odpověď | Body | Výsledky |
|---|---|---|---|---|
| 1. | Jak se jmenuje funkcionář, jem... | Josef Středula | 1 | |
| 2. | Maďarsko podepsalo s jednou ze... | Číny | 0 | |
| 3. | V sobotu večer se v pražském R... | Simona Peková, Přišla v noci | 1 | |
| 4. | Společnost ČEZ podepsala dohod... | z Francie | 1 | |
| 5. | Tři mužstva vyhrála v předkole... | Litvínov, České Budějovice, Hradec Králové | 1 | |
| 6. | Začneme prvním českým králem p... | Rudolf (I. Habsburský) | 0 | |
| 7. | Další „slavnou“ prohrou, která... | ve Francii | 0 | |
| 8. | Za naši slavnou prohru lze ozn... | D | 0 | |
| 9. | Bitva na Bílé hoře zpečetila o... | listopad 1620 | 0.5 | |
| 10. | Napište jména dvou mužů, kteří... | Neville Chamberlain, Édouard Daladier | 0.5 |